000 00510nam a2200217Ia 4500
003 OSt
005 20220916111059.0
006 a|||||r|||| 00| 0
007 ta
008 220915b |||||||| |||| 00| 0 eng d
024 _a248716
037 _cTextbook
040 _beng
_aARTS
_cARTS
041 _aeng
082 _aV2:2:9ZqN4, G5
245 0 _aGovernment of India act, 1935
260 _c1935
650 _aHISTORY
942 _hV2:2:9ZqN4, G5
_cTB
_2CC
999 _c105135
_d105135